| 000 | 00899nam a2200229 a 4500 | ||
|---|---|---|---|
| 001 | 48112 | ||
| 003 | BD-RjUL | ||
| 005 | 20211209054449.0 | ||
| 008 | 160811s2011 bg ||||| |||| 00| f ben d | ||
| 020 |
_a98483095118 _c: Tk. 150.00 |
||
| 035 | _a(BD-RjUL)48231 | ||
| 040 |
_aBD-RjUL _bben _cBD-RjUL |
||
| 041 | _aben | ||
| 082 |
_223 _a891.44309 _bGUR 2011 |
||
| 100 |
_aগুপ্ত, ক্ষেত্র _9145820 |
||
| 245 | 1 | 0 |
_aরবীন্দ্রনাথ ছোটগল্পের সমাজতত্ত্ব / _cক্ষেত্র গুপ্ত |
| 260 |
_aঢাকা : _bবিশ্বসাহিত্য, _c২০১১ |
||
| 300 |
_a১০৯ পৃ. ; _c১৯ সেমি |
||
| 650 |
_aবাংলা উপন্যাস _xইতিহাস ও সমালোচনা _9120092 |
||
| 650 |
_aBengali Fiction _xHistory and Criticism _9118845 |
||
| 942 |
_2ddc _cBK |
||
| 999 |
_c48112 _d48112 |
||